000
00228nam a2200097Ia 4500
005
20251222114344.0
008
251222s1900||||xx |||||||||||||| ||spa||
082
_a
DVD0070/A66/1992
245
0
_a
Como agua para chocolate:
942
_c
DVD
999
_c
960
_d
960